| 000 | 00671cam a22002413a 4500 | ||
|---|---|---|---|
| 001 | 17176 | ||
| 003 | PGUSA | ||
| 005 | 20140828083351.0 | ||
| 008 | 051128s2005||||xxu|||||s|||||000 1 eng d | ||
| 040 |
_aPGUSA _beng |
||
| 042 | _adc | ||
| 050 | 4 | _aPR | |
| 100 | 1 |
_aBennett, Arnold, _d1867-1931 |
|
| 245 | 1 | 4 |
_aThe Ghost : _bA Modern Fantasy _h[electronic resource] / _cArnold Bennett |
| 260 |
_bProject Gutenberg, _c2005 |
||
| 506 | _aPublic domain in the USA. | ||
| 516 | _aElectronic text | ||
| 653 | _aWomen singers -- Fiction | ||
| 653 | _aGhost stories | ||
| 830 | 0 |
_aProject Gutenberg _v17176 |
|
| 856 | 4 | 0 | _uhttp://www.gutenberg.org/ebooks/17176 |
| 942 | _cEB | ||
| 999 |
_c246431 _d246431 |
||